00659 2200193 4500245005300000020002200053250001100075100001700086700002300103650001700126650001300143005001900156260003000175041001400205084001000219300002300229500020400252336000900456 aLa Tahzan b : For muslimahcSalma ShullahText a978-979-752-781-5 aCet. 4 aSalma Shulla aIrfan Hidayatullah aAkhlak Mulia aMuslimah a20240131073143 aBandungbDAR! Mizanc2007 aIndonesia a297.5 a220 hlm :c19,5 cm aKesedihan adalah sesuatu yang sangat dihindari semua orang karena ketika kita sedang bersedih segalanya menjadi kacau ingin diam dan menyendiri sambil duduk termenung meratapi kesediha nyang diderita atext